01298nas a2200337 4500001001300000003000900013005001700022007000300039008003400042040005400076041000900130072000800139100002500147100001900172100002100191100001900212100002000231100001800251245010400269246010500373650001400478650001200492650001200504650003100516773009800547856008100645909004000726942001800766999001900784952015700803BR2013008992BR-BrBNA20231205123228.0ta230509b bl.|||p| |||| 00| 00por d aBR-BrBNAbporcBiblioteca Nacional de Agricultura a(Pt) aK501 aTeixeira, T. de O.B.1 aSilva, M.L. da1 aJacovine, L.A.G.1 aValverde, S.R.1 aSilva, J. de C.1 aPires, V.A.V.1 aA percepção sobre o uso da madeira de eucalipto pelos fabricantes do polo moveleiro de Ubá-MG1 aThe perception of manufacturers of the furniture center of Ubá-MG about the use of eucalyptus wood aEUCALIPTO aMADEIRA aMÓVEL aFABRICAÇÃO DE MÓVEIS0 tRevista Árvore (Brazil)xISSN 0100-6762 g(Sep-Oct 2009), v. 33(5) p. 969-975wBR20130089924 uhttp://www.scielo.br/pdf/rarv/v33n5/v33n5a19.pdfyRecurso eletrônico (PDF) a202311bLúciac55dLúcia Elande 2AGRISn0cANA c232825d232825 002AGRIS4071a41918b41918cPeriódicos Agrícolash(Sep-Oct 2009), v. 33(5) p. 969-975l0r2023-11-29t01yCRePortaria Interministerial nº 164/94